ბათუმის შოთა რუსთაველის სახელმწიფო უნივერსიტეტის ბიბლიოთეკა

ორტომეული (1924-1973)ტ. 1 (ბიბ.ჩანაწერი № 48470)

000 -LEADER
fixed length control field 00586nam a2200193Ia 4500
001 - CONTROL NUMBER
control field 15364
003 - CONTROL NUMBER IDENTIFIER
control field GE_BSU
008 - FIXED-LENGTH DATA ELEMENTS--GENERAL INFORMATION
fixed length control field 181216s||||||||xx |||||||||||||| ||und||
040 ## - CATALOGING SOURCE
Transcribing agency GE_BSU
100 ## - MAIN ENTRY--PERSONAL NAME
Personal name ყიფიანი, ედიშერ
245 ## - TITLE STATEMENT
Title ორტომეული (1924-1973)ტ. 1
245 ## - TITLE STATEMENT
Remainder of title მოთხრობები
260 ## - PUBLICATION, DISTRIBUTION, ETC.
Place of publication, distribution, etc. თბილისი
260 ## - PUBLICATION, DISTRIBUTION, ETC.
Name of publisher, distributor, etc. საბჭოთა საქართველო
260 ## - PUBLICATION, DISTRIBUTION, ETC.
Date of publication, distribution, etc. 1974
300 ## - PHYSICAL DESCRIPTION
Extent 589გვ.1ფ.პორტრ.22სმ.
653 ## - INDEX TERM--UNCONTROLLED
Uncontrolled term მოთხრობები
942 ## - ADDED ENTRY ELEMENTS (KOHA)
Koha item type წიგნი
ეგზემპლარები
Withdrawn status Lost status Damaged status Not for loan Date acquired Barcode Date last seen Price effective from Koha item type
        2018-12-17 37883 2018-12-17 2018-12-17 წიგნი
        2018-12-17 37885 2018-12-17 2018-12-17 წიგნი